Diseño industrial / (Record no. 21250)
[ view plain ]
| 000 -CABECERA | |
|---|---|
| campo de control de longitud fija | 01052nam a2200277 4500 |
| 003 - IDENTIFICADOR DEL NÚMERO DE CONTROL | |
| campo de control | OSt |
| 005 - FECHA Y HORA DE LA ÚLTIMA TRANSACCIÓN | |
| campo de control | 20260601193528.0 |
| 008 - DATOS DE LONGITUD FIJA--INFORMACIÓN GENERAL | |
| campo de control de longitud fija | 260420b1981 sp a|||| |||| 00| 0 spa d |
| 020 ## - NÚMERO INTERNACIONAL ESTÁNDAR DEL LIBRO | |
| Número Internacional Estándar del Libro | 8425210321 |
| 040 ## - FUENTE DE LA CATALOGACIÓN | |
| Centro catalogador/agencia de origen | ICI |
| Lengua de catalogación | spa |
| Centro/agencia transcriptor | ICI |
| 050 ## - SIGNATURA TOPOGRÁFICA DE LA BIBLIOTECA DEL CONGRESO | |
| Número de clasificación | TS171 |
| Número de documento/Ítem | L62 1981 |
| 100 #1 - ENTRADA PRINCIPAL--NOMBRE DE PERSONA | |
| Nombre de persona | Löbach, Bernd |
| Fechas asociadas al nombre | 1941, |
| 9 (RLIN) | 36030 |
| 240 #0 - TÍTULO UNIFORME | |
| Título uniforme | Grundlagen der Industrieproduktgestaltung. |
| Lenguaje de la obra | Español |
| 245 #1 - MENCIÓN DE TÍTULO | |
| Título | Diseño industrial / |
| Mención de responsabilidad, etc. | Bernd Lobach ; versión castellana de Jordi Utges i Pascual |
| 246 #3 - FORMA VARIANTE DE TÍTULO | |
| Título propio/Titulo breve | Diseño industrial : |
| Resto del título | bases para la configuración de los productos industriales |
| 264 ## - PRODUCCIÓN, PUBLICACIÓN, DISTRIBUCIÓN, FABRICACIÓN Y COPYRIGHT | |
| Nombre del de productor, editor, distribuidor, fabricante | Gustavo Gili, |
| Fecha de producción, publicación, distribución, fabricación o copyright | 1981 |
| Producción, publicación, distribución, fabricación y copyright | Barcelona : |
| 300 ## - DESCRIPCIÓN FÍSICA | |
| Extensión | 204 páginas |
| Otras características físicas | ilustraciones (algunas a color) |
| Dimensiones | 23.5 cm. |
| 336 ## - TIPO DE CONTENIDO | |
| Término de tipo de contenido | texto |
| Fuente | rdacontent |
| 337 ## - TIPO DE MEDIO | |
| Nombre/término del tipo de medio | sin medio |
| Fuente | rdamedia |
| 338 ## - TIPO DE SOPORTE | |
| Nombre/término del tipo de soporte | volumen |
| Fuente | rdacarrier |
| 490 #0 - MENCIÓN DE SERIE | |
| Mención de serie | Colección GG diseño |
| 650 ## - PUNTO DE ACCESO ADICIONAL DE MATERIA--TÉRMINO DE MATERIA | |
| Término de materia o nombre geográfico como elemento de entrada | Diseño industrial |
| 9 (RLIN) | 36031 |
| 700 #1 - PUNTO DE ACCESO ADICIONAL--NOMBRE DE PERSONA | |
| Nombre de persona | Löbach, Bernd |
| Fechas asociadas al nombre | 1941- |
| Título de la obra | Grundlagen der Industrieproduktgestaltung |
| Información de relación/Frase instructiva de referencia | Traducción de : |
| 9 (RLIN) | 36032 |
| 700 #1 - PUNTO DE ACCESO ADICIONAL--NOMBRE DE PERSONA | |
| Nombre de persona | Utges i Pascual, Jordi, |
| Término indicativo de función/relación | traductor |
| 9 (RLIN) | 36033 |
| 942 ## - ELEMENTOS DE PUNTO DE ACCESO ADICIONAL (KOHA) | |
| Fuente del sistema de clasificación o colocación | Library of Congress Classification |
| Tipo de ítem Koha | Libros |
| Suprimir en OPAC | 1 |
No items available.